Poznámka k ekologickej architektúre

Bibliographic Details
Main Author: Pifko, Henrich, 1959- (Author)
Format: Article
Language:Slovak
PhysicalDescription:Lit. 2 zázn. v angl.
ISSN:0044 8680
Subjects:

MARC

LEADER 00000nab a2200000 a 4500
001 vtls000507350
003 SK-MaSNL
005 20260303165503.0
008 120927c1993 xo 0 slo
015 |a SNBRB19rr/mm-uuuuu 
035 |a CL0507488 
040 |a SNKBUCL  |b slo  |c SNKBUCL  |e AACR2 
041 0 |a slo 
044 |a xo  |c SK 
080 |a 72:504.54.06  |2 1981 
080 |a 504.54.06  |2 1981 
100 1 |a Pifko, Henrich,  |d 1959-  |4 aut  |9 223453 
245 1 0 |a Poznámka k ekologickej architektúre  |c Henrich Pifko 
300 |b Lit. 2 zázn. v angl. 
650 0 7 |a architektúra ekologická  |2 snkbucl  |9 982417 
655 7 |a články z novín a časopisov  |2 snkbucl  |9 267496 
773 0 |t Architektúra & urbanizmus  |g Roč. 27, č. 1-2 (1993), s. 74-76  |x 0044 8680 
850 |a Slovenská národná knižnica v Martine  |a MTA001 
852 |a SNK  |b KIS3GCP 
958 |a RK 
992 |a RBX 
999 |c 2071997  |d 2073927